000
00248nam a2200097 a 4500
005
20201002044931.0
008
140404s1972 000 spa d
245
0
_a
Flores y blancaflor.
260
_a
Madrid -- Libra,
_c
1972 -- 187 p.
999
_c
43204
_d
43204
040
_a
DO-SdBNP